|
|
|
|
| LEADER |
00000nas a2200000 i 4500 |
| 001 |
ssj0001928249 |
| 003 |
WaSeSS |
| 005 |
20200512172242.0 |
| 006 |
m d |
| 007 |
cr n |
| 008 |
161210c20179999enk x s 0 0eng c |
| 010 |
|
|
|a 2017233002
|
| 022 |
|
|
|a 2398-6786
|
| 035 |
|
|
|a (WaSeSS)ssj0001928249
|
| 040 |
|
|
|a VT2
|b eng
|e pn
|c VT2
|d OCLCF
|d OCLCQ
|d S4S
|d GUA
|d CUS
|d OCL
|d OCLCQ
|d VT2
|d WaSeSS
|
| 042 |
|
|
|a pcc
|
| 050 |
1 |
4 |
|a PS1
|b .O73
|
| 130 |
0 |
|
|a Orbit (Cambridge, England)
|
| 222 |
|
0 |
|a Orbit
|b (Cambridge)
|
| 245 |
1 |
0 |
|a Orbit
|h [electronic resource] :
|b a journal of American literature.
|
| 260 |
|
|
|a Cambridge :
|b Open Library of Humanities,
|c 2017-
|
| 310 |
|
|
|a Irregular
|
| 362 |
1 |
|
|a Began with: Volume 5, issue 1, published in 2017.
|
| 506 |
|
|
|a License restrictions may limit access.
|
| 515 |
|
|
|a "Orbit is a rolling format journal. This means that articles are published, under a Volume and Issue, as soon as they are ready. Volumes are numbered yearly, with up to four issues per year"--Publisher's website.
|
| 515 |
|
|
|a Includes numbered volumes and special issues.
|
| 515 |
|
|
|a For some providers, articles in the last issue of the previous title have the subsequent title on the article PDF cover sheet.
|
| 588 |
|
|
|a Description based on: Volume 5, issue 1, published in 2017; title from article PDF cover sheet (publisher's Web site, viewed May 22, 2017).
|
| 588 |
|
|
|a Latest issue consulted: Volume 5, issue 1, published in 2017 (viewed May 22, 2017).
|
| 650 |
|
0 |
|a American literature
|x History and criticism
|v Periodicals.
|
| 650 |
|
7 |
|a American literature.
|2 fast
|0 (OCoLC)fst00807113
|
| 655 |
|
0 |
|a Electronic journals.
|
| 780 |
0 |
0 |
|t Orbit (Brighton, England)
|x 2047-2870
|w (DLC) 2013237516
|w (OCoLC)809876806
|
| 856 |
4 |
0 |
|z Full text available from Research Library: 01/01/2012 to present
|u https://search.proquest.com/publication/2069201
|